000 00506nam a2200169 4500
999 _c13812
_d13812
020 _a9789710098477
082 _aFil./Ref. 220.61 B58212 2018
245 _aBible infographic for kids /
260 _aOregon
_bHarvest House publishers
_cc2018
300 _a55 pages :
_billustrations ;
_c27 x 23 cm.
504 _aIncludes bonus board game.
526 _a200-299
_d220
650 _aBible stories, English -- Juvenile literature
650 _aChristianity
650 _aBible records
942 _2ddc
_cBK